000 00720nam a2200265Ia 4500
003 OSt
005 20221006160208.0
006 a|||||r|||| 00| 0
007 ta
008 221006b |||||||| |||| 00| 0 eng d
020 _a9788970419244
_cW15,000
024 _a44,586
037 _bGift, Korean Embassy
_cTextual
040 _aEASL
_cEASL
_beng
041 _2eng
_aeng
082 _aNQ495v, P5
100 _aYoon Yul-soo
_9672356
245 0 _aTales of Korean folk paintings minhwa
260 _aSeoul
_bDesign House
_c2005
300 _a310p.
_ccm.
490 _v KEL
650 _aKEL
942 _hNQ495v, P5
_cTEXL
_2CC
999 _c1112678
_d1112678